Формирование безопасной городской среды с учетом внешних и внутренних факторов; Города и местные сообщества; Т.1

Bibliografische gegevens
Parent link:Города и местные сообщества.— , 2015-
Т.1.— 2015.— [С. 108-121]
Hoofdauteur: Степанов Б. П. Борис Павлович
Coauteur: Национальный исследовательский Томский политехнический университет Физико-технический институт Кафедра физико-энергетических установок (№ 21)
Andere auteurs: Шевелева А. А. Анастасия Андреевна
Samenvatting:Заглавие с экрана
Рассматриваются вопросы формирования условий безопасного функционирования городов. Городская среда представляется в виде комплексной структуры. Путем выделения критических элементов городской инфраструктуры проведено ранжирование основных факторов, влияющих на состояние среды. Описаны модельные представления города и рекомендации по улучшению уровня его комфортности.
This work is devoted to review of questions in sphere of formation of conditions of safe functioning of cities. Urban environment is submitted as interconnected complex structure. Main factors influencing on condition of the environment were ranged by allocating of critical elements of urban infrastructure. Modal representations of city and recommendation for improvement of its comfort are described.
Режим доступа: по договору с организацией-держателем ресурса
Taal:Russisch
Gepubliceerd in: 2015
Onderwerpen:
Online toegang:http://elibrary.ru/item.asp?id=25518584&
Formaat: Elektronisch Hoofdstuk
KOHA link:https://koha.lib.tpu.ru/cgi-bin/koha/opac-detail.pl?biblionumber=647141

MARC

LEADER 00000naa0a2200000 4500
001 647141
005 20250204154119.0
035 |a (RuTPU)RU\TPU\network\12279 
035 |a RU\TPU\network\11459 
090 |a 647141 
100 |a 20160328d2015 k||y0rusy50 ca 
101 0 |a rus 
102 |a RU 
135 |a drcn ---uucaa 
181 0 |a i  
182 0 |a b 
200 1 |a Формирование безопасной городской среды с учетом внешних и внутренних факторов  |d Forming of safe urban environment based on external and internal factors  |f Б. П. Степанов, А. А. Шевелева 
203 |a Текст  |c электронный 
300 |a Заглавие с экрана 
320 |a [Библиогр.: с. 118-120 (15 назв.)] 
330 |a Рассматриваются вопросы формирования условий безопасного функционирования городов. Городская среда представляется в виде комплексной структуры. Путем выделения критических элементов городской инфраструктуры проведено ранжирование основных факторов, влияющих на состояние среды. Описаны модельные представления города и рекомендации по улучшению уровня его комфортности. 
330 |a This work is devoted to review of questions in sphere of formation of conditions of safe functioning of cities. Urban environment is submitted as interconnected complex structure. Main factors influencing on condition of the environment were ranged by allocating of critical elements of urban infrastructure. Modal representations of city and recommendation for improvement of its comfort are described. 
333 |a Режим доступа: по договору с организацией-держателем ресурса 
461 |t Города и местные сообщества  |d 2015- 
463 |t Т.1  |v [С. 108-121]  |d 2015 
510 1 |a Forming of safe urban environment based on external and internal factors  |z eng 
610 1 |a электронный ресурс 
610 1 |a труды учёных ТПУ 
610 1 |a городская среда 
610 1 |a угрозы 
610 1 |a инфраструктура 
610 1 |a комфортные условия 
610 1 |a безопасность 
700 1 |a Степанов  |b Б. П.  |c специалист в области атомной энергетики  |c доцент Томского политехнического университета, кандидат технических наук  |f 1960-  |g Борис Павлович  |3 (RuTPU)RU\TPU\pers\29389  |9 13970 
701 1 |a Шевелева  |b А. А.  |g Анастасия Андреевна 
712 0 2 |a Национальный исследовательский Томский политехнический университет  |b Физико-технический институт  |b Кафедра физико-энергетических установок (№ 21)  |3 (RuTPU)RU\TPU\col\18730  |9 27179 
801 2 |a RU  |b 63413507  |c 20160328  |g RCR 
856 4 0 |u http://elibrary.ru/item.asp?id=25518584& 
942 |c CF